الأعلام : (Record no. 179812)
[ view plain ]
| 000 -LEADER | |
|---|---|
| fixed length control field | 01261namaa22002891i 4500 |
| 003 - CONTROL NUMBER IDENTIFIER | |
| control field | EG-GICUC |
| 005 - DATE AND TIME OF LATEST TRANSACTION | |
| control field | 20260429161516.0 |
| 008 - FIXED-LENGTH DATA ELEMENTS--GENERAL INFORMATION | |
| fixed length control field | 260429s1995 le ||||jr|||| 00| 0 ara d |
| 040 ## - CATALOGING SOURCE | |
| Original cataloging agency | EG-GiCUC |
| Language of cataloging | ara |
| Transcribing agency | EG-GiCUC |
| Modifying agency | EG-GiCUC |
| Description conventions | rda |
| 082 04 - DEWEY DECIMAL CLASSIFICATION NUMBER | |
| Edition number | 21 |
| Classification number | 920.00923927 |
| Item number | Z81 |
| 092 04 - LOCALLY ASSIGNED DEWEY CALL NUMBER (OCLC) | |
| Edition number | 21 |
| Classification number | 920.00923927 |
| Item number | Z81 |
| 099 ## - LOCAL FREE-TEXT CALL NUMBER (OCLC) | |
| Classification number | 920.00923927 Z81 1995 |
| 100 1# - MAIN ENTRY--PERSONAL NAME | |
| Personal name | زركلي، خير الدين |
| Dates associated with a name | 1893-1976 |
| Relator term | مؤلف. |
| 245 12 - TITLE STATEMENT | |
| Title | الأعلام : |
| Remainder of title | قاموس تراجم لأشهر الرجال والنساء من العرب والمستعربين والمستشرقين / |
| Statement of responsibility, etc. | تأليف خير الدين الزركلى |
| 250 ## - EDITION STATEMENT | |
| Edition statement | الطبعة الحادية عشر |
| 264 ## - PRODUCTION, PUBLICATION, DISTRIBUTION, MANUFACTURE, AND COPYRIGHT NOTICE | |
| Place of production, publication, distribution, manufacture | بيروت (لبنان) : |
| Name of producer, publisher, distributor, manufacturer | دار العلم للملايين، |
| Date of production, publication, distribution, manufacture, or copyright notice | 1995 |
| 300 ## - PHYSICAL DESCRIPTION | |
| Extent | 8 مجلدات : |
| Other physical details | ايضاحيات، صور ؛ |
| Dimensions | 28 سم |
| 336 ## - CONTENT TYPE | |
| Source | rdacontent |
| Content type term | text |
| 337 ## - MEDIA TYPE | |
| Source | rdamedia |
| Media type term | Unmediated |
| 338 ## - CARRIER TYPE | |
| Source | rdacarrier |
| Carrier type term | volume |
| 504 ## - BIBLIOGRAPHY, ETC. NOTE | |
| Bibliography, etc. note | يشتمل على ارجاعات ببليوجرافية |
| 541 ## - IMMEDIATE SOURCE OF ACQUISITION NOTE | |
| Source of acquisition | د. جابر عصفور ؛ |
| Address | القاهرة ؛ |
| Method of acquisition | إهداء ؛ |
| Date of acquisition | 2024. |
| 650 17 - SUBJECT ADDED ENTRY--TOPICAL TERM | |
| Topical term or geographic name entry element | الاستشراق والمستشرقون |
| Source of heading or term | qrmak |
| 651 1# - SUBJECT ADDED ENTRY--GEOGRAPHIC NAME | |
| Source of heading or term | qrmak |
| Geographic name | العالم العربى |
| Form subdivision | تراجم |
| 905 ## - Cataloger and Reviser Names | |
| Cataloger Name | Huda |
| 942 ## - ADDED ENTRY ELEMENTS (KOHA) | |
| Source of classification or shelving scheme | Dewey Decimal Classification |
| Koha item type | Reference |
| Edition | 21 |
| Suppress in OPAC | No |
| Withdrawn status | Lost status | Source of classification or shelving scheme | Damaged status | Not for loan | Home library | Current library | Date acquired | Inventory number | Total checkouts | Full call number | Barcode | Date last seen | Price effective from | Koha item type |
|---|---|---|---|---|---|---|---|---|---|---|---|---|---|---|
| Dewey Decimal Classification | Not for loan | المكتبة المركزبة الجديدة - جامعة القاهرة | قاعة المكتبات المهداة - الدور الرابع | 29.04.2026 | 175385 | 920.00923927 Z81 1995 v.1 Ref. J.U. | 01000100175385001 | 29.04.2026 | 29.04.2026 | Reference | ||||
| Dewey Decimal Classification | Not for loan | المكتبة المركزبة الجديدة - جامعة القاهرة | قاعة المكتبات المهداة - الدور الرابع | 29.04.2026 | 175385 | 920.00923927 Z81 1995 v.2 Ref. J.U. | 01000100175385002 | 29.04.2026 | 29.04.2026 | Reference | ||||
| Dewey Decimal Classification | Not for loan | المكتبة المركزبة الجديدة - جامعة القاهرة | قاعة المكتبات المهداة - الدور الرابع | 29.04.2026 | 175385 | 920.00923927 Z81 1995 v.3 Ref. J.U. | 01000100175385003 | 29.04.2026 | 29.04.2026 | Reference | ||||
| Dewey Decimal Classification | Not for loan | المكتبة المركزبة الجديدة - جامعة القاهرة | قاعة المكتبات المهداة - الدور الرابع | 29.04.2026 | 175385 | 920.00923927 Z81 1995 v.4 Ref. J.U. | 01000100175385004 | 29.04.2026 | 29.04.2026 | Reference | ||||
| Dewey Decimal Classification | Not for loan | المكتبة المركزبة الجديدة - جامعة القاهرة | قاعة المكتبات المهداة - الدور الرابع | 29.04.2026 | 175385 | 920.00923927 Z81 1995 v.5 Ref. J.U. | 01000100175385005 | 29.04.2026 | 29.04.2026 | Reference | ||||
| Dewey Decimal Classification | Not for loan | المكتبة المركزبة الجديدة - جامعة القاهرة | قاعة المكتبات المهداة - الدور الرابع | 29.04.2026 | 175385 | 920.00923927 Z81 1995 v.6 Ref. J.U. | 01000100175385006 | 29.04.2026 | 29.04.2026 | Reference | ||||
| Dewey Decimal Classification | Not for loan | المكتبة المركزبة الجديدة - جامعة القاهرة | قاعة المكتبات المهداة - الدور الرابع | 29.04.2026 | 175385 | 920.00923927 Z81 1995 v.7 Ref. J.U. | 01000100175385007 | 29.04.2026 | 29.04.2026 | Reference | ||||
| Dewey Decimal Classification | Not for loan | المكتبة المركزبة الجديدة - جامعة القاهرة | قاعة المكتبات المهداة - الدور الرابع | 29.04.2026 | 175385 | 920.00923927 Z81 1995 v.8 Ref. J.U. | 01000100175385008 | 29.04.2026 | 29.04.2026 | Reference |